[Event "Hastings Challengers 9192"]
[Site "Hastings"]
[Date "1991.??.??"]
[Round "?"]
[White "Mestel, A Jonathan"]
[Black "Bryce, Andrew"]
[Result "1-0"]
[WhiteElo "2520"]
[BlackElo "2220"]
[PlyCount "68"]
[EventDate "1991.12.??"]
[EventType "swiss"]
[EventRounds "10"]
[EventCountry "ENG"]
[SourceTitle "CBM 026 Extra"]
[Source "ChessBase"]
[SourceDate "1992.03.01"]
[SourceVersion "1"]
[SourceVersionDate "1992.03.01"]
[SourceQuality "1"]

1. c4 f5 2. g3 Nf6 3. Bg2 d6 4. d4 e6 5. Nf3 Be7 6. b3 0-0 7. Bb2 a5 8. Nc3 Na6 9. 0-0 c6 10. Qc2 Rb8 11. Rad1 b5 12. Ba1 b4 13. Na4 Qe8 14. c5 d5 15. Ne5 Bb7 16. Nb6 Rd8 17. Bb2 Nb8 18. a3 bxa3 19. Bc3 Nbd7 20. Nbxd7 Nxd7 21. Nxd7 Qxd7 22. Ra1 e5 23. dxe5 Bxc5 24. Bxa5 Bd4 25. Bxd8 Bxa1 26. Rxa1 Rxd8 27. Rxa3 Qe6 28. Ra7 Rd7 29. Qc3 Kf7 30. b4 g6 31. e3 Re7 32. Qd4 Bc8 33. Ra8 Bb7 34. Rb8 Re8 1-0

[Event "BCF-ch 77th"]
[Site "Eastbourne"]
[Date "1990.??.??"]
[Round "?"]
[White "Clarke, Thomas M"]
[Black "Bryce, Andrew"]
[Result "1-0"]
[WhiteElo "2215"]
[BlackElo "2255"]
[PlyCount "67"]
[EventDate "1990.07.??"]
[EventType "swiss"]
[EventRounds "11"]
[EventCountry "ENG"]
[SourceTitle "EXT 2000"]
[Source "ChessBase"]
[SourceDate "1999.11.16"]
[SourceVersion "1"]
[SourceVersionDate "1999.11.16"]
[SourceQuality "1"]

1. e4 c6 2. d4 d5 3. Nc3 dxe4 4. Nxe4 Nf6 5. Nxf6+ exf6 6. c3 Be6 7. Bd3 Bd6 8. f4 f5 9. Nf3 Qc7 10. g3 f6 11. c4 Qf7 12. 0-0 0-0 13. Qc2 g6 14. Bd2 Re8 15. b4 Nd7 16. a4 Bc7 17. a5 Rac8 18. Rac1 Nf8 19. h4 Qd7 20. h5 b5 21. hxg6 hxg6 22. cxb5 cxb5 23. Qc6 Bb8 24. Qxb5 Qxb5 25. Bxb5 Red8 26. Ba6 Rxc1 27. Rxc1 Kf7 28. Bb7 g5 29. fxg5 Bxg3 30. gxf6 Bd5 31. Bxd5+ Rxd5 32. Rc5 Ke6 33. Kg2 Bb8 34. Ng5+ 1-0